| 000 | 00653nam a22001937a 4500 | ||
|---|---|---|---|
| 003 | 0 | ||
| 005 | 20250912174049.0 | ||
| 008 | 250912b xxu||||| |||| 00| 0 eng d | ||
| 020 | _a979-8-89366-079-1 | ||
| 050 |
_aQA 76.585 _b.F57 2025 |
||
| 100 |
_aFisher, David, _eauthor. |
||
| 245 |
_aCloud computing : _btheory and practice / _cDavid Fisher. |
||
| 260 |
_aBrooklyn, NY : _bStates Academic Press, _c2025. |
||
| 300 |
_aviii, 234 pages : _bcolored illustrations ; _c26 cm. |
||
| 504 | _aIncludes bibliographical references and index. | ||
| 650 | _aCloud computing. | ||
| 650 |
_aElectronic data processing _xDistributed processing. |
||
| 942 |
_2lcc _cBK |
||
| 999 |
_c367942 _d367942 |
||